Les 20 plus gros transferts de la Juventus - Statistiques

Statistiques générales
  • Ce quiz a été pris 369 fois
  • Le résultat moyen est 14 sur 20
Statistiques - réponses
Club Transfert Club Joueur % Correct
Real Madrid 117M Juventus Ronaldo
100%
Juventus 105M Manchester united Pogba
95%
Ajax 85.50M Juventus De ligt
92%
Juventus 67M Bayern Munich De ligt
92%
Fiorentina 83.50M Juventus Vlahovic
85%
Naples 90M Juventus Higuain
82%
Juventus 65M Manchester city Cancelo
75%
Valence 40.40M Juventus Cancelo
75%
Barcelone 80.60M Juventus Arthur
74%
Parme 52.88M Juventus Buffon
73%
Fiorentina 43.60M Juventus Chiesa
73%
Palerme 41M Juventus Dybala
72%
Juventus 77.50M Real Madrid Zidane
70%
Juventus 60M Barcelone Pjanic
69%
Juventus 42M AC Milan Bonucci
63%
Torino 44M Juventus Bremer
47%
Bayern Munich 40M Juventus Douglas Costa
34%
Lazio Rome 45M Juventus Nedved
33%
Juventus 39.25M Juventus Vidal
30%
Fiorentina 40M Juventus Bernardeschi
28%
Aucun quiz correspondant
Distribution des résultats
% des personnes avec chaque résultat
Percentile par nombre de réponses
Votre historique - résultats
Vous n’avez pas pris ce quiz